00502nam a2200169Ia 450000500170000000800410001708200130005810000260007124500270009725000080012426000340013230000120016650000340017894200060021295200990021899900150031720250509040815.0240331s9999 xx 000 0 und d bDISa891 aDissanayake, Wasantha 0aJVP Deshapalanaya gana a2nd aMaradanabHely Graphicsc1991 a50 p ., aAn Inquiry About JVP politics cL 001040708LaWERCLbWERCLcSSCd2024-03-31l0o 322.42 DISp1647r2024-03-31w2024-03-31yL c2392d2392